000 00429pab a2200157 454500
008 180718b1983 xxu||||| |||| 00| 0 eng d
100 _aKleiner, Brian H.
245 _aTechniques for an effective subordinate/supervisor relationship
260 _c1983
300 _a22-5
362 _aDec.
650 _aInter - Personal Relations
700 _aLorraine Peterson
773 _aJournal of Systems Management
909 _a11306
999 _c11306
_d11306